| 000 | 01759nam0a2200349 4500 | ||
|---|---|---|---|
| 001 | RU\NLR\bibl\218878 | ||
| 005 | 20260406091408.0 | ||
| 010 |
_a5-7525-0746-4 _9500 |
||
| 035 | _a(NLR Aleph) 000214962 | ||
| 090 |
_a1248464 _c1248464 |
||
| 100 | _a20020115d1999 |||y0rusy50 ca | ||
| 101 | 0 | _arus | |
| 102 | _aRU | ||
| 105 | _aa ||||||||| | ||
| 200 | 1 |
_aМоделирование устойчивого развития как условие повышения экономической безопасности территории _fА.И. Татаркин, Д.С. Львов, А.А. Куклин и др. _g[Отв. ред. чл.-кор. РАН Х.Н. Гизатуллин] |
|
| 210 |
_aЕкатеринбург _cИзд-во Урал. ун-та _d1999 |
||
| 215 |
_a274, [1] с., [1] л. цв. ил. _cил. _d21 _e[2] отд. л. схем |
||
| 300 | _aНа обл. авт. не указаны | ||
| 320 | _aБиблиогр.: с. 248-253 | ||
| 606 | 0 |
_aУстойчивого развития концепция _92087859 _3RU\NLR\auth\661263996 |
|
| 606 | 0 |
_aЭкономическая безопасность _91557922 _3RU\NLR\auth\66681123 |
|
| 686 | _aУ5-961-314 | ||
| 686 | _aУ9(2)-961-314(2Р36) | ||
| 701 | 1 |
_4570 _7ca _8rus _aТатаркин _bА. И. _f1946-2016 _gАлександр Иванович _943143 _3RU\NLR\AUTH\7760212 |
|
| 701 | 1 |
_4070 _7ca _8rus _aЛьвов _bД. С. _cд-р экон. наук _f1930-2007 _gДмитрий Семенович _9124850 _3RU\NLR\auth\7715192 |
|
| 701 | 1 |
_aКуклин _bА. А. _gАлександр Анатольевич _4070 |
|
| 702 | 1 |
_aГизатуллин _bХ. Н. _4340 |
|
| 801 | 0 |
_aRU _bNLR _c20020115 _gPSBO |
|
| 801 | 1 |
_aRU _bNLR _c20020115 |
|
| 942 | _cBOOK | ||
| 980 | _aNB | ||